000
00334nam a2200133Ia 4500
008
240624s9999 xx 000 0 und d
041
_a
eng
082
_a
320.973 SMI
100
_a
SMITH HEDRICK
245
_a
POWER GAME HOW WASHINGTON WORKS
260
_c
1988
_a
London
_b
Fontana/Collins
300
_a
1093 : p. : cm. ; 17
365
_c
RS
999
_c
3838
_d
3838